000
00307nam a22001457a 4500
008
221005b ||||| |||| 00| 0 eng d
020
_a
97807624685339
041
_a
eng
080
_a
72
082
_a
72 KAY
100
_a
19.1
101
_a
ARK
245
_a
RIGHT AT HOME
_c
KAYSEN R
942
_2
udc
_c
BK
999
_c
58347
_d
58347